Dictionary of agronomy
| Other Authors: | , |
|---|---|
| Format: | Book |
| Published: |
New Delhi, India :
Biotech Books ,
2005
|
| Subjects: |
MARC
| LEADER | 00000cam a2200000 7i4500 | ||
|---|---|---|---|
| 001 | 0000003643 | ||
| 005 | 20080129.0 | ||
| 020 | 0 | 0 | |a 8176221422 |
| 090 | 0 | 0 | |a R 630.3 |b DIC |
| 245 | 1 | 0 | |a Dictionary of agronomy |c Edited by JB Jain & Sumit Jain |
| 260 | 0 | 0 | |a New Delhi, India : |b Biotech Books , |c 2005 |
| 300 | |a 336 p. : |b ill. ; |c 22 cm. | ||
| 650 | 0 | 0 | |a Agriculture |x Dictionaries. |
| 650 | 0 | 0 | |a Agronomy |x Dictionaries |
| 700 | 1 | 1 | |a Jain, JB |
| 700 | 1 | 1 | |a Jain, Sumit |
| 999 | |a 0000007215 |b Monograph |c Reference |e Default branch | ||